| 000 -LEADER |
| fixed length control field |
00639nam a22001457a 4500 |
| 008 - FIXED-LENGTH DATA ELEMENTS--GENERAL INFORMATION |
| fixed length control field |
240612b ||||| |||| 00| 0 eng d |
| 100 ## - MAIN ENTRY--PERSONAL NAME |
| Personal name |
Basa, Kishor K. |
| 245 ## - TITLE STATEMENT |
| Title |
Excavating the hidden voice of Maria Graham: the first women Narrator on South Asian archaeology |
| 260 ## - PUBLICATION, DISTRIBUTION, ETC. (IMPRINT) |
| Place of publication, distribution, etc |
Man In India |
| 300 ## - PHYSICAL DESCRIPTION |
| Extent |
103(4), 2023: p.143-150 |
| 520 ## - SUMMARY, ETC. |
| Summary, etc |
During the last four decades, archaeology of gender has enraged as an important theoretical perspective in archaeology. Such a perspective is also applied in the context of Indian archaeology. – Reproduced |
| 773 ## - HOST ITEM ENTRY |
| Main entry heading |
Man In India |
| 906 ## - LOCAL DATA ELEMENT F, LDF (RLIN) |
| Subject DIP |
ARCHAELOGY |
| 942 ## - ADDED ENTRY ELEMENTS (KOHA) |
| Item type |
Articles |